000
00267nam a2200109Ia 4500
008
200302s9999 xx 000 0 und d
100
_a
W. B. Mckay
245
_a
Building Construction Metric 5th ed.
260
_b
Pearson Eduction Ltd,.
260
_c
2014
300
_a
162
999
_c
3456
_d
3456